ELEMENTORY ECONOMIC THEORY (Record no. 300806)

MARC details
000 -LEADER
fixed length control field 00323nam a22001457a 4500
020 ## - INTERNATIONAL STANDARD BOOK NUMBER
International Standard Book Number 9788121907934
040 ## - CATALOGING SOURCE
Transcribing agency -
082 ## - DEWEY DECIMAL CLASSIFICATION NUMBER
Classification number 330.1
Item number DEW/EL
100 ## - MAIN ENTRY--PERSONAL NAME
Personal name DEWETT, K. K.
245 ## - TITLE STATEMENT
Title ELEMENTORY ECONOMIC THEORY
260 ## - PUBLICATION, DISTRIBUTION, ETC. (IMPRINT)
Place of publication, distribution, etc. NEW DELHI
Name of publisher, distributor, etc. S.CHAND
Date of publication, distribution, etc. 1948
300 ## - PHYSICAL DESCRIPTION
Extent 552p.
700 ## - ADDED ENTRY--PERSONAL NAME
Personal name VARMA, J.D.
942 ## - ADDED ENTRY ELEMENTS (KOHA)
Source of classification or shelving scheme Dewey Decimal Classification
Koha item type Books (General)
Holdings
Withdrawn status Lost status Source of classification or shelving scheme Damaged status Not for loan Home library Current library Shelving location Date acquired Cost, normal purchase price Total Checkouts Total Renewals Full call number Barcode Date last seen Date checked out Price effective from Koha item type
    Dewey Decimal Classification     College of Agriculture, Padannakkad College of Agriculture, Padannakkad   22/04/2022 495.00 4 1 330.1 DEW/EL KAU_COAP-10423 26/10/2024 10/09/2024 22/04/2022 Books (General)
    Dewey Decimal Classification     College of Agriculture, Padannakkad College of Agriculture, Padannakkad   22/04/2022 495.00     330.1 DEW/EL KAU_COAP-10424 22/04/2022   22/04/2022 Books (General)
Kerala Agricultural University Central Library
Thrissur-(Dt.), Kerala Pin:- 680656, India
Ph : (+91)(487) 2372219
E-mail: librarian@kau.in
Website: http://library.kau.in/